=LDR 00000nam 2200000 4500 =001 INLIS000000000002848 =005 20250212022538 =035 ##$$a 0010-0225000138 =007 ta =008 250212###########################0#ind## =082 ##$$a 658.402 =084 ##$$a 658.402 BAD p =245 1#$$a Pedoman Umum Pengawasan Fungsional dan Tata Cara Pemeriksaan /$c Badan Koordinasi Keluarga Berencana Nasional =260 ##$$a Jakarta :$b Badan Koordinasi Keluarga Berencana Nasional,$c 1965 =300 ##$$a 296 hlm. : $b ilus. ; $c 29,7 cm. =110 #$$a Badan Koordinasi Keluarga Berencana Nasional